00530nam a2200181 a 450000100060000000300090000600800410001501500210005602000260007704000280010308200150013124500610014626000320020730000220023949000220026150000190028365000460030224295CO-ViMGA141112s2004 ck r 000 u spa d ack - 2010 - xxxx a9789580512660 (serie) aCO-ViMGAbspacCO-ViMGA a372.6 C65710aCompetencias comunicativas / cNazly Vargas ... (et al.) aBogotá : bEducar, c2010 av. : il. ; 28 cm. aLengua castellana aGrados : 1 - 514aEspañol - Enseñanza primaria - Textos